000 00434nam a2200181Ia 4500
005 20240913125115.0
008 240913s9999||||xx |||||||||||||| ||und||
041 _aENGLISH
082 _A006.3 N7
100 _aSchalkoff,Robert J
245 0 _aArtificial Neural Networks
250 _a1st
260 _c1997
_bMGH,Singapore
500 _aREFERENCE
650 _aNeural
_bComputer Applications
942 _cREF
999 _c244785
_d244785